LEADER 00855nam a2200253 i 4500 001 991003834149707536 005 20020509132926.0 008 010514s1979 it ||| | ita 035 $ab11221525-39ule_inst 035 $aPARLA189427$9ExL 040 $aDip.to Filosofia$bita 082 0 $a193 100 1 $aCorradini Broussard, Domenico$0121376 245 10$aNietzsche /$cscritti di D. Corradini ... [et al.] 260 $aMilano :$bAngeli,$c[1979] 300 $a230 p. ;$c22 cm. 490 0 $aLavoro filosofico ;$v1 650 4$aNietzsche, Friedrich 907 $a.b11221525$b23-02-17$c01-07-02 912 $a991003834149707536 945 $aLE005IF X L 39$g1$iLE005IFA-15528$lle005$o-$pE0.00$q-$rl$s- $t0$u0$v0$w0$x0$y.i11375656$z01-07-02 996 $aNietzsche$9867612 997 $aUNISALENTO 998 $ale005$b01-01-01$cm$da $e-$fita$git $h0$i1 LEADER 01440nam 2200409 a 450 001 9910700182503321 005 20110919153457.0 035 $a(CKB)5470000002407138 035 $a(OCoLC)753575910 035 $a(EXLCZ)995470000002407138 100 $a20110919d2011 ua 0 101 0 $aeng 135 $aurbn||||||||| 181 $ctxt$2rdacontent 182 $cc$2rdamedia 183 $acr$2rdacarrier 200 00$aConservation Reserve Enhancement Program$b[electronic resource] $eSkaneateles Lake, New York 210 1$a[Washington, D.C.] :$cU.S. Dept. of Agriculture, Farm Service Agency,$d[2011] 215 $a1 online resource (2 pages) 225 1 $aFact sheet 300 $aTitle from title screen (viewed on Sept. 19, 2011). 300 $a"February 2011." 517 $aConservation Reserve Enhancement Program 606 $aWellhead protection$zNew York (State)$zSkaneateles Lake 606 $aConservation of natural resources$zNew York (State)$zSkaneateles Lake 606 $aEnvironmental protection$zNew York (State)$zSkaneateles Lake 615 0$aWellhead protection 615 0$aConservation of natural resources 615 0$aEnvironmental protection 712 02$aUnited States.$bFarm Service Agency. 801 0$bGPO 801 1$bGPO 801 2$bGPO 906 $aBOOK 912 $a9910700182503321 996 $aConservation Reserve Enhancement Program$93481002 997 $aUNINA